000
00235nam a2200097Ia 4500
001
985682
005
20250826221047.0
008
250824s9999 xx 000 0 und d
245
0
_a
ZAMANDA YOLCULUK
_c
TRACEY WEST
260
_b
BETA YAYINLARI
999
_c
985682
_d
985682